LEADER 00778nam a2200217 i 4500 001 000000153520 003 CaOOAMICUS 005 20090327000000.0 008 090327s1974 it u000 u ita u 013 $a130863 040 $aSeMil$bita 100 1 $aTaviani, Paolo Emilio,$d<1912-2001>.$0(OLS)http://semarc/name/9389 245 10$aVol. 2. 300 $a335 p. :$briccamente ill. 500 $aFondo Card. Giovanni Colombo. 773 0 $aTaviani, Paolo Emilio <1912-2001>$tCristoforo Colombo.$dNovara : Istituto Geografico De Agostini, 1974.$w()20979 850 $aSeMil 852 $aSeMil$W1$xVenegono$y1$m5U VII 24/2$j105455$B105455$CSeMilBibl$Z2$F140525 $81 941 1 $a3 961 $aLascito: Colombo Card. Giovanni 996 $6245$aVol. 2$9(OLS)http://semarc/title/13458 LEADER 01685nam a2200289 i 4500 001 000000249383 003 CaOOAMICUS 005 20240718162155.0 008 160516s1779 it u000 u ita u 013 $a228288 026 $a5.5. 4.e: 5.9. 1Jve (7) 1779 (R) 040 $aSeMil$bita 245 13$aIl Cantico dei cantici giusta la vulgata in lingua latina e volgare colla spiegazione del senso litterale e del senso spirituale tratta dai santi padri e dagli autori ecclesiastici dal sig. Le Maître de Sacy prete ec. 250 $aEdizione seconda diligentemente esaminata e ricorretta. 300 $a439, [1] p. 500 $aLascito Card. C.M. Martini 500 $aSegn.: A-2C8 2D12 650 4$aBibbia - Traduzioni latine - Vulgata.$0(OLS)http://semarc/subject/1529 650 4$aBibbia. Antico Testamento. Cantico dei Cantici - Commentari, studi, critica, interpretazioni.$0(OLS)http://semarc/subject/5490 700 1 $aLe Maistre de Sacy, Isaac,$d<1613-1684>.$0(OLS)http://semarc/name/2983 773 0 $tSacra Scrittura. Tomo 1. [-46.].$bEdizione seconda diligentemente esaminata e ricorretta.$dIn Venezia : Appresso Lorenzo Baseggio librajo, all'Aurora, a S. Bartolommeo, 1775-1781.$g23$w()29450 850 $aSeMil 852 $aSeMil$W1$xVenegono$y1$m2Z II 30 FA$j199729$B199729$CSeMilBibl$Z2$F211174 $8I 941 1 $a4 961 $aLascito: Martini Card. Carlo Maria 996 $6245$aIl Cantico dei cantici giusta la vulgata in lingua latina e volgare colla spiegazione del senso litterale e del senso spirituale tratta dai santi padri e dagli autori ecclesiastici dal sig. Le Maître de Sacy prete ec$9(OLS)http://semarc/title/351526